Pedro Paramo / (Registro nro. 96503)

Detalles MARC
000 -LEADER
fixed length control field 00520nam a22001817a 4500
005 - DATE AND TIME OF LATEST TRANSACTION
control field 20150630142857.0
008 - FIXED-LENGTH DATA ELEMENTS--GENERAL INFORMATION
fixed length control field 110511t mx||||| |||| 00| 0 spa d
020 ## - INTERNATIONAL STANDARD BOOK NUMBER
International Standard Book Number 9789685208550
050 04 - LIBRARY OF CONGRESS CALL NUMBER
Classification number PQ7297.R89
Item number P43 2010
100 1# - MAIN ENTRY--PERSONAL NAME
Personal name Rulfo, Juan,
Dates associated with a name 1917-1986
245 10 - TITLE STATEMENT
Title Pedro Paramo /
Statement of responsibility, etc Juan Rulfo.
250 ## - EDITION STATEMENT
Edition statement 1a ed.
260 ## - PUBLICATION, DISTRIBUTION, ETC. (IMPRINT)
Place of publication, distribution, etc México :
Name of publisher, distributor, etc Editorial RM : Fundación Juan Rulfo,
Date of publication, distribution, etc 2010
300 ## - PHYSICAL DESCRIPTION
Extent 132 p. ;
Dimensions 21 cm.
650 #7 - SUBJECT ADDED ENTRY--TOPICAL TERM
Source of heading or term Lemb
Topical term or geographic name as entry element Novela mexicana
650 #7 - SUBJECT ADDED ENTRY--TOPICAL TERM
Source of heading or term Lemb
Topical term or geographic name as entry element Literatura mexicana
942 ## - ADDED ENTRY ELEMENTS (KOHA)
Source of classification or shelving scheme Biblioteca del Cogreso de los Estados Unidos
Koha item type Libro

No hay ítems disponibles.